000 00687nam a2200181Ia 4500
005 20260429112244.0
008 260429s9999||||xx |||||||||||||| ||und||
020 _a9789389127430
041 _aHindi
082 _a294.592
_bYAD
100 _aयादव, अभिनन्दन प्रसाद
245 0 _aसम्भवामि युगे युगे :
_bशीरमादभगवत्गीता: भावप्रकाश /
_cअभिनन्दन प्रसाद यादव
250 _a1st ed.
260 _aदिल्ली :
_bप्रकाशन संस्थान,
_c2020.
300 _a568 p.; Hb
650 _aReligion
942 _cTB
999 _c53149
_d53149